Memòria /
Descripción Física:
il·lustracions ; 30 cm
MARC
| LEADER | 00000nam a2200000Ia 4500 | ||
|---|---|---|---|
| 001 | 22020, 22021, 15808, 15985, 12040, 12688, 14714, 21060, 22927, 23388, 25963, 28511 | ||
| 003 | AGDB | ||
| 005 | 20260324181509.0 | ||
| 008 | 160829s1998 - xx 000 0 cat d | ||
| 017 | |a B 25784-2014 | ||
| 110 | 1 | |a Parc del Castell de Montesquiu (Catalunya) |9 52663 | |
| 245 | |a Memòria / |c Parc del Castell de Montesquiu | ||
| 260 | |a Barcelona : |b Diputació de Barcelona, Servei de Parcs Naturals, |c 1998- | ||
| 300 | |c il·lustracions ; |b 30 cm | ||
| 500 | |a Anteriorment: Parc Comarcal del Castell de Montesquiu | ||
| 590 | |a A partir de l'any 2011: Diputació de Barcelona. Àrea de Territori i Sostenibilitat | ||
| 610 | 1 | 0 | |9 52663 |a Parc del Castell de Montesquiu (Catalunya) |
| 650 | 0 | |a Parcs naturals |z Barcelona (Catalunya : Província) |v Revistes |9 53491 | |
| 710 | |a Barcelona (Catalunya : Província). |b Servei de Parcs Naturals |9 53492 | ||
| 710 | 1 | |a Barcelona (Catalunya : Província). |b Xarxa de Parcs Naturals |9 7250 | |
| 710 | 1 | |a Barcelona (Catalunya : Província). |b Gerència de Serveis d’Espais Naturals |9 52730 | |
| 856 | |u https://www.diba.cat/web/espais-naturals/montesquiu/memories |y Accés lliure (memòries a partir de l'any 2002) (Portal de l'Àrea d'Espais Naturals) | ||
| 866 | |a 1995-2003 | ||
| 866 | |a 2007 | ||
| 866 | |a 2009 | ||
| 866 | |a 2013 | ||
| 866 | |a 2016 | ||
| 901 | |a Arxiu | ||
| 942 | |n 1 |2 udc |c ARXIU | ||
| 952 | |0 0 |1 0 |4 0 |6 FU6012 |7 1 |9 51553 |a Arxiu |b Arxiu |d 2016-12-01 |h 2009 |o FU-60-12 |p 23388 |r 2016-12-01 00:00:00 |w 2016-12-01 |y ARXIU | ||
| 952 | |0 0 |1 0 |4 0 |6 BIB678 |7 1 |9 62428 |a Arxiu |b Arxiu |d 2022-06-16 |h 2016 |l 0 |o Bib-678 |p 25963 |r 2022-06-16 00:00:00 |w 2022-06-16 |y ARXIU | ||
| 952 | |0 0 |1 0 |4 0 |6 FU7268 |7 1 |9 63787 |a Arxiu |b Arxiu |d 2022-09-06 |h 2002 |l 0 |o FU-72-68 |p 26708 |r 2022-09-06 00:00:00 |w 2022-09-06 |y ARXIU | ||
| 952 | |0 0 |1 0 |4 0 |6 FU2526 |7 1 |9 65832 |a Arxiu |b Arxiu |d 2023-03-28 |h 2001 |l 0 |o FU-25-26 |p 14714 |r 2023-03-28 00:00:00 |w 2023-03-28 |y ARXIU | ||
| 952 | |0 0 |1 0 |4 0 |6 FU267 |7 1 |9 65838 |a Arxiu |b Arxiu |d 2023-03-28 |h 2003 |l 0 |o FU-26-7 |p 21060 |r 2023-03-28 00:00:00 |w 2023-03-28 |y ARXIU | ||
| 952 | |0 0 |1 0 |4 0 |6 FU2818 |7 1 |9 65852 |a Arxiu |b Arxiu |d 2023-03-29 |h 1997 |l 0 |o FU-28-18 |p 12040 |r 2023-03-29 00:00:00 |w 2023-03-29 |y ARXIU | ||
| 952 | |0 0 |1 0 |4 0 |6 FU294 |7 1 |9 65854 |a Arxiu |b Arxiu |d 2023-03-29 |h 1999 |l 0 |o FU-29-4 |p 12688 |r 2023-03-29 00:00:00 |w 2023-03-29 |y ARXIU | ||
| 952 | |0 0 |1 0 |4 0 |6 FU3814 |7 1 |9 65948 |a Arxiu |b Arxiu |d 2023-04-04 |h 2000 |l 0 |o FU-38-14 |p 15808 |r 2023-04-04 00:00:00 |w 2023-04-04 |y ARXIU | ||
| 952 | |0 0 |1 0 |4 0 |6 FU412 |7 1 |9 65980 |a Arxiu |b Arxiu |d 2023-04-05 |h 1997 |l 0 |o FU-41-2 |p 15985 |r 2023-04-05 00:00:00 |w 2023-04-05 |y ARXIU | ||
| 952 | |0 0 |1 0 |4 0 |6 FU5231 |7 1 |9 66078 |a Arxiu |b Arxiu |d 2023-04-12 |h 1995 |l 0 |o FU-52-31 |p 22020 |r 2023-04-12 00:00:00 |w 2023-04-12 |y ARXIU | ||
| 952 | |0 0 |1 0 |4 0 |6 FU5232 |7 1 |9 66079 |a Arxiu |b Arxiu |d 2023-04-12 |h 1996 |l 0 |o FU-52-32 |p 22021 |r 2023-04-12 00:00:00 |w 2023-04-12 |y ARXIU | ||
| 952 | |0 0 |1 0 |4 0 |6 FU5812 |7 1 |9 66103 |a Arxiu |b Arxiu |d 2023-04-13 |h 2007 |l 0 |o FU-58-12 |p 22927 |r 2023-04-13 00:00:00 |w 2023-04-13 |y ARXIU | ||
| 952 | |0 0 |1 0 |4 0 |6 BIB1176 |7 1 |9 96994 |a Arxiu |b Arxiu |d 2024-04-29 |l 0 |o Bib-1176 |p 28511 |r 2024-04-29 00:00:00 |w 2024-04-29 |y ARXIU | ||
| 999 | |c 55398 |d 55398 | ||